<?xml version="1.0" encoding="UTF-8"?>
<collection xmlns="http://www.loc.gov/MARC21/slim">
 <record>
  <leader>00573pamaa2200157   4500</leader>
  <controlfield tag="001">0000001580</controlfield>
  <controlfield tag="005">20101215090000.0</controlfield>
  <controlfield tag="008">101201                             eng  </controlfield>
  <datafield tag="020" ind1="0" ind2="0">
   <subfield code="a">9789834396114 (pbk.) </subfield>
  </datafield>
  <datafield tag="090" ind1="0" ind2="0">
   <subfield code="a">PR9530.9 </subfield>
   <subfield code="b">CON 2010</subfield>
  </datafield>
  <datafield tag="245" ind1="1" ind2="0">
   <subfield code="a">Conflict/resolution : </subfield>
   <subfield code="b">the winning plays of the 2nd kakiscript playwriting competition  </subfield>
   <subfield code="c">Project and concept by Kathy Rowland.</subfield>
  </datafield>
  <datafield tag="260" ind1="0" ind2="0">
   <subfield code="a">Kuala Lumpur, </subfield>
   <subfield code="c">Kakiseni sdn. Bhd., </subfield>
   <subfield code="c">2010.</subfield>
  </datafield>
  <datafield tag="300" ind1=" " ind2=" ">
   <subfield code="a">79p: </subfield>
   <subfield code="b">ill.; </subfield>
   <subfield code="c">18 cm.</subfield>
  </datafield>
  <datafield tag="650" ind1="0" ind2="0">
   <subfield code="a">Short stories -- </subfield>
   <subfield code="x">Fiction -- </subfield>
   <subfield code="z">Malaysia </subfield>
  </datafield>
  <datafield tag="700" ind1="1" ind2="1">
   <subfield code="a">Rowland, </subfield>
   <subfield code="h">Kathy </subfield>
  </datafield>
  <datafield tag="901" ind1=" " ind2=" ">
   <subfield code="u">www.kakiseni.com</subfield>
  </datafield>
 </record>
</collection>
